Statistics for NBA Top 5 Greatest at Every Position

Click here to take the quiz!

General Stats

  • This quiz has been taken 132 times
  • The average score is 22 of 25

Answer Stats

PositionAnswer% Correct
PG 1Magic Johnson
98%
SG 1Michael Jordan
98%
C 1Kareem Abdul-Jabbar
97%
SF 1LeBron James
97%
C 3Shaquille O'neal
96%
PF 1Tim Duncan
96%
SF 2Larry Bird
94%
C 2Wilt Chamberlain
93%
SG 2Kobe Bryant
92%
PG 3Stephen Curry
92%
C 5Bill Russell
91%
C 4Hakeem Olajuwon
91%
PG 5John Stockton
90%
PF 3Karl Malone
90%
PF 4Kevin Garnett
86%
PF 2Dirk Nowitzki
84%
SF 4Kevin Durant
84%
PG 4Steve Nash
82%
SF 3Julius Erving
81%
SG 4Jerry West
79%
PG 2Oscar Robertson
78%
SG 3Dwayne Wade
77%
SF 5Scottie Pippen
76%
PF 5Charles Barkley
72%
SG 5James Harden
69%

Score Distribution

Percentile by Number Answered

Percent of People with Each Score

Your Score History

You have not taken this quiz